A Influencia da Comunicação na Produtividade das Organizações (Record no. 2277)

MARC details
000 -Etiqueta do registo
Campo de controlo de comprimento fixo 00388 a2200145 4500
020 ## - ISBN (NÚMERO DE LIVRO PADRÃO INTERNACIONAL)
ISBN N/S
040 ## - Fonte de Catalogação
Agência de catalogação Biblioteca de Posgraduação- Universidade Lusíada de Angola
082 ## - DEWEY DECIMAL CLASSIFICATION NUMBER
Número de classificação 658.3
100 ## - Nome Pessoal
9 (RLIN) 1100
Autor PITINHO,Andre jutalo
245 ## - Declaração de Título
Título A Influencia da Comunicaȯ̂ na Produtividade das Organizaė̳s
260 ## - Publicação e Destribuíção
Local de edição/distribuição Luanda .
Editor/distribuidor Universidade Lusiada
Data de edição/distribuição 2020.
300 ## - Descrição Física
Nº Pág. 79p
650 ## - MATERIA
MATERIA Gestô de Recursos Humanos
942 ## - - Elementos de entrada adicionados (koha)
Tipo de documento Dissertações de Grado e Mestrado
Holdings
Withdrawn status Lost status Source of classification or shelving scheme Damaged status Not for loan Permanent Location Current Location Date acquired Inventory number Total Checkouts Full call number Barcode Date last seen Price effective from Koha item type
    Dewey Decimal Classification     Biblioteca Geral- Universidade Lusíada de Angola Biblioteca Geral- Universidade Lusíada de Angola 28/04/2026 13(1)   658.3 2026-0148 28/04/2026 28/04/2026 Dissertações de Grado e Mestrado
    Dewey Decimal Classification     Biblioteca Geral- Universidade Lusíada de Angola Biblioteca Geral- Universidade Lusíada de Angola 28/04/2026 13(1)   658.3 2026-0149 28/04/2026 28/04/2026 Dissertações de Grado e Mestrado